خصائص اعتماد المكتبة للتعليم ما قبل الجامعي : (رقم التسجيلة. 43571)
[ عرض عادي ]
| 000 -LEADER | |
|---|---|
| fixed length control field | 02582cam a2200325 a 4500 |
| 003 - CONTROL NUMBER IDENTIFIER | |
| control field | EG-GiCUC |
| 005 - DATE AND TIME OF LATEST TRANSACTION | |
| control field | 20250223030850.0 |
| 008 - FIXED-LENGTH DATA ELEMENTS--GENERAL INFORMATION | |
| fixed length control field | 130919s2013 ua d f m 000 0 ara d |
| 040 ## - CATALOGING SOURCE | |
| Original cataloging agency | EG-GiCUC |
| Language of cataloging | ara |
| Transcribing agency | EG-GiCUC |
| 041 0# - LANGUAGE CODE | |
| Language code of text/sound track or separate title | ara |
| 049 ## - LOCAL HOLDINGS (OCLC) | |
| Holding library | ايداع |
| 097 ## - Thesis Degree | |
| Thesis Level | ماجستير |
| 099 ## - LOCAL FREE-TEXT CALL NUMBER (OCLC) | |
| Classification number | Cai01.02.07.M.A.2013.يا.خ |
| 100 0# - MAIN ENTRY--PERSONAL NAME | |
| Personal name | ياسمين سعيد عبدالغنى |
| 245 10 - TITLE STATEMENT | |
| Title | خصائص اعتماد المكتبة للتعليم ما قبل الجامعي : |
| Remainder of title | دراسة تحليلية للمكتبات المدرسية = The properties of library accreditation in pre-university education : An analytical study of school libraries / |
| Statement of responsibility, etc. | ياسمين سعيد عبدالغنى ؛ إشراف أسامة السيد محمود |
| 246 15 - VARYING FORM OF TITLE | |
| Title proper/short title | The properties of library accreditation in pre-university education : |
| Remainder of title | An analytical study of school libraries |
| 260 ## - PUBLICATION, DISTRIBUTION, ETC. | |
| Place of publication, distribution, etc. | القاهرة : |
| Name of publisher, distributor, etc. | ياسمين سعيد عبدالغنى : |
| Date of publication, distribution, etc. | 2013 |
| 300 ## - PHYSICAL DESCRIPTION | |
| Extent | 134 ص : |
| Other physical details | رسوم بيانية ؛ |
| Dimensions | 25سم |
| 502 ## - DISSERTATION NOTE | |
| Dissertation note | اطروحة (ماجستير) - جامعة القاهرة - كلية الآداب - قسم المكتبات و الوثلئق و المعلومات |
| 520 ## - SUMMARY, ETC. | |
| Summary, etc. | تهدف الدراسة إلى تحليل و تقييم معيار اعتماد المكتبة المدرسية ضمن معايير اعتماد مؤسسات التعليم ما قبل الجامعي الصادر عن الهيئة القومية لضمان جودة التعليم و الاعتماد في مصر عام ٢٠٠٩م و ذلك بتطبيق المعيار على عينة من مكتبات مختلف المراحل للتعليم الحكومي و الخاص و الأجنبي في محافظات مصر: و دراسة واقع المكتبات المدرسية المصرية: و عرض بعض من المعايير العالمية لاعتماد المكتبات المدرسية: و خرجت الدراسة بأن المعيار لا يفى بمتطلبات اعتماد المكتبات المدرسية: و قدمت الدراسة أهم المحاور و الخصائص التي ينبغى توافرها في معيار يقيس ضمان جودة المكتبات المدرسية |
| 530 ## - ADDITIONAL PHYSICAL FORM AVAILABLE NOTE | |
| Additional physical form available note | صدر ايضا كقرص مدمج |
| 653 #4 - INDEX TERM--UNCONTROLLED | |
| Uncontrolled term | التعليم قبل الجامعي |
| 653 #4 - INDEX TERM--UNCONTROLLED | |
| Uncontrolled term | المكتبات المدرسية |
| 653 #4 - INDEX TERM--UNCONTROLLED | |
| Uncontrolled term | جودة التعليم |
| 700 0# - ADDED ENTRY--PERSONAL NAME | |
| Personal name | أسامة السيد محمود : |
| Relator term | |
| 856 ## - ELECTRONIC LOCATION AND ACCESS | |
| Uniform Resource Identifier | <a href="http://172.23.153.220/th.pdf">http://172.23.153.220/th.pdf</a> |
| 905 ## - LOCAL DATA ELEMENT E, LDE (RLIN) | |
| Cataloger | Nazla |
| Reviser | Revisor |
| 905 ## - LOCAL DATA ELEMENT E, LDE (RLIN) | |
| Cataloger | Samia |
| Reviser | Cataloger |
| 942 ## - ADDED ENTRY ELEMENTS (KOHA) | |
| Source of classification or shelving scheme | Dewey Decimal Classification |
| Koha item type | Thesis |
| Source of classification or shelving scheme | Not for loan | Home library | Current library | Date acquired | Full call number | Barcode | Date last seen | Koha item type | Copy number |
|---|---|---|---|---|---|---|---|---|---|
| Dewey Decimal Classification | المكتبة المركزبة الجديدة - جامعة القاهرة | قاعة الرسائل الجامعية - الدور الاول | 11.02.2024 | Cai01.02.07.M.A.2013.يا.خ | 01010100018234000 | 22.09.2023 | Thesis | ||
| Dewey Decimal Classification | المكتبة المركزبة الجديدة - جامعة القاهرة | مخـــزن الرســائل الجـــامعية - البدروم | 11.02.2024 | Cai01.02.07.M.A.2013.يا.خ | 01020100018234000 | 22.09.2023 | CD - Rom | 18234.CD |